| Tag |
First Indicator |
Second Indicator |
Subfields |
| LEADER |
00000cam a2200000 4500 |
| 001 |
in00000096230 |
| 005 |
20150925085937.0 |
| 008 |
800401s1929 enka f00010 eng d |
| 010 |
|
|
|a gs 29000245
|
| 035 |
|
|
|a (OCoLC)06155853
|
| 035 |
|
|
|9 AAL2187AM
|
| 040 |
|
|
|a TXA
|c TXA
|d UtOrBLW
|
| 049 |
|
|
|a TXAM
|c [1127326]
|
| 090 |
|
|
|a TE235
|b .L6
|
| 100 |
1 |
|
|a Lovegrove, Edwin James.
|
| 245 |
1 |
0 |
|a Attrition tests of British road-stones /
|c by E. J. Lovegrove. With notes by J. Allen Howe and Sir John Flett.
|
| 264 |
|
3 |
|a London :
|b Printed under the authority of H.M. Stationery off,
|c 1929.
|
| 300 |
|
|
|a volumes 84 pages :
|b illustrations
|
| 336 |
|
|
|a text
|b txt
|2 rdacontent
|
| 337 |
|
|
|a unmediated
|b n
|2 rdamedia
|
| 338 |
|
|
|a volume
|b nc
|2 rdacarrier
|
| 490 |
1 |
|
|a [Great Britain] Geological survey. Memoirs
|
| 500 |
|
|
|a At head of title: Department of scientific and industrial research. Memoirs of the Geological survey and Museum of practical geology.
|
| 650 |
|
0 |
|a Petrology.
|
| 650 |
|
0 |
|a Road materials.
|
| 650 |
|
0 |
|a Stone, Crushed.
|
| 700 |
1 |
|
|a Howe, John Allen,
|d 1869-
|
| 710 |
2 |
|
|a Museum of Practical Geology (Great Britain)
|
| 810 |
1 |
|
|a Geological Survey of Great Britain.
|t Memoirs.
|
| 999 |
|
|
|a MARS
|
| 999 |
f |
f |
|s a9c451f3-b6dc-3ab2-84c5-5f75297a2e6f
|i 2e4187d3-26c8-3171-b532-ca436915ee2e
|t 0
|
| 952 |
f |
f |
|p ric
|a Texas A&M University
|b Rellis Campus
|c Joint Library Facility
|d Remote Storage
|t 0
|e TE235 .L6
|h Library of Congress classification
|i unmediated -- volume
|m A14805389008
|
| 998 |
f |
f |
|a TE235 .L6
|t 0
|l Remote Storage
|